000 nam a22 7a 4500
999 _c29477
_d29477
008 180108b xxu||||| |||| 00| 0 eng d
020 _a025334350x
020 _a0253216435
020 _a0852555628
050 _aPN 1993.5 .A35G77 2003
100 _aGugler, Josef.
245 _aAfrican film:
_bre-imagining a continent/
_cJosef Gugler
260 _aUnited kingdom:
_bIndiana University press,
_c2003.
300 _axiii,202p. :
_bill. ;
_c22cm
650 _aMotion pictures--Africa.
650 _aAfrica--in motion pictures.
942 _2lcc
_cBOOKS
_hPN 1993.5 .A35G77 2003